[Event "Banja Luka op-B"]
[Site "Banja Luka"]
[Date "2024.04.28"]
[Round "5"]
[White "Poleksic, Dusan"]
[Black "Gonullu, Muhammed Sinan"]
[Result "1-0"]
[WhiteElo "2009"]
[BlackElo "1903"]
[PlyCount "51"]
[EventDate "2024.04.26"]
[EventType "swiss"]
[EventRounds "5"]
[EventCountry "BIH"]
[SourceTitle "CB19_2024"]
[SourceDate "2024.05.08"]
[SourceVersion "1"]
[SourceVersionDate "2024.05.08"]
[SourceQuality "1"]

1. d4 g6 2. c4 Bg7 3. Nc3 c6 4. e4 d5 5. cxd5 cxd5 6. e5 Nh6 7. h4 a6 8. h5 Nc6 9. Be2 b5 10. Bf4 Nf5 11. h6 Bf8 12. Nf3 e6 13. g4 Nfe7 14. Bg5 Qb6 15. Bf6 Rg8 16. Ng5 Nxd4 17. Nxh7 g5 18. Nxf8 Rxf8 19. h7 Ng6 20. h8Q Nxh8 21. Rxh8 Rxh8 22. Bxh8 Bb7 23. Bf6 Kd7 24. Bxg5 Rh8 25. Be3 Rh1+ 26. Bf1 1-0

[Event "Paracin op 16th"]
[Site "Paracin"]
[Date "2023.07.08"]
[Round "2"]
[White "Djordjevic, Vuk D"]
[Black "Poleksic, Dusan"]
[Result "1-0"]
[WhiteElo "2385"]
[BlackElo "2151"]
[PlyCount "81"]
[EventDate "2023.07.07"]
[EventType "swiss"]
[EventRounds "9"]
[EventCountry "SRB"]
[SourceTitle "EXT 2024"]
[Source "ChessBase"]
[SourceDate "2023.10.10"]
[SourceVersion "1"]
[SourceVersionDate "2023.10.10"]
[SourceQuality "1"]

1. d4 Nf6 2. Bg5 Ne4 3. Bf4 c5 4. f3 Nf6 5. dxc5 Nc6 6. e4 e5 7. Be3 d5 8. cxd6 Bxd6 9. Bd3 0-0 10. Ne2 Be6 11. 0-0 Nb4 12. Nbc3 Qa5 13. a3 Bc5 14. Bf2 Nxd3 15. Qxd3 Rfd8 16. Qb5 Qxb5 17. Nxb5 Bc4 18. Nbc3 Bd4 19. Rfe1 Bxf2+ 20. Kxf2 Rd2 21. Rac1 Rad8 22. Red1 Kf8 23. Rxd2 Rxd2 24. Ke3 Rd7 25. b3 Be6 26. Na4 Rc7 27. c4 Bd7 28. Nb2 Bc6 29. b4 b6 30. Nd3 Nd7 31. Nc3 Rc8 32. g3 Bb7 33. Nb5 Ba6 34. a4 Bxb5 35. axb5 f6 36. f4 Ke7 37. c5 Rc7 38. c6 exf4+ 39. Nxf4 Rc8 40. Nd5+ Kd8 41. Rd1 1-0

[Event "SRB-ch sf"]
[Site "Novi Banovci"]
[Date "2023.02.10"]
[Round "7"]
[White "Jocev, Milan"]
[Black "Poleksic, Dusan"]
[Result "1-0"]
[WhiteElo "2307"]
[BlackElo "2105"]
[PlyCount "99"]
[EventDate "2023.02.06"]
[EventType "swiss"]
[EventRounds "9"]
[EventCountry "SRB"]
[SourceTitle "CBM 212 Extra"]
[Source "ChessBase"]
[SourceDate "2023.03.31"]
[SourceVersion "1"]
[SourceVersionDate "2023.03.31"]
[SourceQuality "1"]

1. d4 c5 2. d5 Nf6 3. Nc3 d6 4. e4 e6 5. Bb5+ Bd7 6. dxe6 fxe6 7. Bxd7+ Qxd7 8. Nf3 Nc6 9. 0-0 Be7 10. Bg5 0-0 11. e5 dxe5 12. Qxd7 Nxd7 13. Bxe7 Nxe7 14. Rad1 Rfd8 15. Nb5 Nd5 16. Ng5 Nf8 17. Ne4 b6 18. Nbd6 Ng6 19. g3 h6 20. a4 Nf6 21. Nc3 Ne7 22. Ncb5 Rd7 23. Nc4 Rad8 24. Rxd7 Rxd7 25. Nxe5 Rd2 26. Na3 Nf5 27. Nf3 Rd5 28. Re1 Nd4 29. Kg2 Nxf3 30. Kxf3 e5 31. Nb5 e4+ 32. Ke2 c4 33. Nc3 Rh5 34. h4 Kf7 35. Rd1 Rc5 36. Rd4 a6 37. Rd6 b5 38. Rxa6 b4 39. Nb5 Ne8 40. Ra7+ Kf6 41. Ke3 Re5 42. Ra6+ Ke7 43. Rc6 Nf6 44. Rxc4 Ke6 45. Nd4+ Kd5 46. Rxb4 Ng4+ 47. Ke2 e3 48. f3 Nf6 49. Rb8 Kxd4 50. c3+ 1-0

[Event "Belgrade Gligoric Memorial"]
[Site "Belgrade"]
[Date "2022.07.17"]
[Round "1"]
[White "Damjanovic, Vuk"]
[Black "Poleksic, Dusan"]
[Result "1/2-1/2"]
[WhiteElo "2393"]
[BlackElo "2136"]
[PlyCount "26"]
[EventDate "2022.07.17"]
[EventType "swiss"]
[EventRounds "9"]
[EventCountry "SRB"]
[SourceTitle "CBM 209 Extra"]
[Source "ChessBase"]
[SourceDate "2022.09.30"]
[SourceVersion "1"]
[SourceVersionDate "2022.09.30"]
[SourceQuality "1"]

1. d4 c5 2. d5 Nf6 3. Nc3 d6 4. e4 e6 5. dxe6 Bxe6 6. Nge2 Be7 7. g3 Nc6 8. Bg2 Bc4 9. b3 Ba6 10. Bb2 0-0 11. 0-0 Nd4 12. Re1 Bxe2 13. Nxe2 Nc6 1/2-1/2

[Event "SRB-ch Rapid"]
[Site "Paracin"]
[Date "2022.06.04"]
[Round "1"]
[White "Nenezic, Marko"]
[Black "Poleksic, Dusan"]
[Result "1-0"]
[WhiteElo "2528"]
[BlackElo "2127"]
[PlyCount "99"]
[EventDate "2022.06.04"]
[EventType "swiss (rapid)"]
[EventRounds "9"]
[EventCountry "SRB"]
[SourceTitle "CBM 208 Extra"]
[Source "ChessBase"]
[SourceDate "2022.07.31"]
[SourceVersion "1"]
[SourceVersionDate "2022.07.31"]
[SourceQuality "1"]

1. Nf3 c5 2. c4 Nf6 3. Nc3 Nc6 4. d4 cxd4 5. Nxd4 g6 6. e4 d6 7. Be2 Bg7 8. Be3 0-0 9. 0-0 Nd7 10. Qd2 Nc5 11. Rfd1 Bd7 12. f4 Rc8 13. e5 Nxd4 14. Bxd4 Bc6 15. Qe3 Qa5 16. Rab1 Qc7 17. exd6 exd6 18. Bxg7 Kxg7 19. b4 Ne6 20. Nd5 Bxd5 21. cxd5 Nd8 22. Rbc1 Qd7 23. Rxc8 Qxc8 24. Qxa7 Qc2 25. Qd4+ f6 26. Qd2 Qe4 27. Bf3 Qc4 28. Rc1 Qa6 29. h3 Nf7 30. Kh2 Ra8 31. Rc7 Qxa2 32. Qxa2 Rxa2 33. Rxb7 f5 34. b5 Ra4 35. Kg3 Rb4 36. b6 Kf6 37. Rb8 Rb3 38. Kf2 Rb2+ 39. Ke3 Rb3+ 40. Kd2 Rb1 41. Kc2 Rb4 42. Kc3 Rb1 43. Be2 Rc1+ 44. Kb2 Re1 45. Bd3 Re3 46. Kc2 Rg3 47. b7 Rxg2+ 48. Kc3 Rg3 49. Rf8 Kg7 50. b8Q 1-0

[Event "Belgrade Trophy 35th"]
[Site "Belgrade"]
[Date "2021.11.24"]
[Round "1"]
[White "Stankovic, Andrea"]
[Black "Poleksic, Dusan"]
[Result "0-1"]
[WhiteElo "1602"]
[BlackElo "2081"]
[PlyCount "64"]
[EventDate "2021.11.24"]
[EventType "swiss"]
[EventRounds "9"]
[EventCountry "SRB"]
[SourceTitle "CBM 205 Extra"]
[Source "ChessBase"]
[SourceDate "2022.01.31"]
[SourceVersion "1"]
[SourceVersionDate "2022.01.31"]
[SourceQuality "1"]

1. d4 c5 2. d5 Nf6 3. c4 b5 4. cxb5 a6 5. b6 Qxb6 6. Nc3 g6 7. Nf3 d6 8. e4 Bg7 9. Qc2 0-0 10. h3 e6 11. dxe6 Bxe6 12. Be2 Nc6 13. 0-0 Rac8 14. Bf4 Nd4 15. Qd2 Rfe8 16. Rfe1 d5 17. Ng5 Nxe4 18. Ngxe4 dxe4 19. Nxe4 Rcd8 20. Qc1 Bxh3 21. Bf1 Bf5 22. Qxc5 Qxb2 23. Ng3 Rxe1 24. Rxe1 Nf3+ 25. gxf3 Bd4 26. Re2 Qxe2 27. Bxe2 Bxc5 28. Nxf5 gxf5 29. Bxa6 Ra8 30. Bd3 Rxa2 31. Bg3 Ra3 32. Bxf5 Rxf3 0-1

[Event "Belgrade Premier League"]
[Site "Belgrade"]
[Date "2021.10.07"]
[Round "6.1"]
[White "Poleksic, Dusan"]
[Black "Kostic, Zivojin"]
[Result "1-0"]
[WhiteElo "2075"]
[BlackElo "1839"]
[PlyCount "63"]
[EventDate "2021.10.01"]
[EventType "team-tourn"]
[EventRounds "11"]
[EventCountry "SRB"]
[SourceTitle "CBM 204 Extra"]
[Source "ChessBase"]
[SourceDate "2021.11.30"]
[SourceVersion "1"]
[SourceVersionDate "2021.11.30"]
[SourceQuality "1"]
[WhiteTeam "Belgrade Turbina"]
[BlackTeam "Romanticari"]
[WhiteTeamCountry "SRB"]
[BlackTeamCountry "SRB"]

1. d4 d5 2. c4 e5 3. dxe5 d4 4. a3 a5 5. Nf3 Nc6 6. e3 Bg4 7. Be2 d3 8. Qxd3 Qxd3 9. Bxd3 Bxf3 10. gxf3 Nxe5 11. Be2 0-0-0 12. f4 Nd3+ 13. Bxd3 Rxd3 14. Ke2 Rd8 15. b4 axb4 16. axb4 Kb8 17. Bb2 f6 18. Ra4 Ne7 19. Nc3 c6 20. Ne4 h6 21. Nxf6 gxf6 22. Bxf6 b5 23. Ra5 Rg8 24. Rha1 bxc4 25. Ra8+ Kb7 26. Rxd8 Nd5 27. Be5 Nc7 28. Bxc7 Kxc7 29. Raa8 Rg6 30. Rxf8 Rd6 31. Rac8+ Kb7 32. Rcd8 1-0

[Event "Belgrade Premier League"]
[Site "Belgrade"]
[Date "2021.10.02"]
[Round "2.3"]
[White "Djordjevic, Bozidar M"]
[Black "Poleksic, Dusan"]
[Result "1/2-1/2"]
[WhiteElo "1985"]
[BlackElo "2075"]
[PlyCount "100"]
[EventDate "2021.10.01"]
[EventType "team-tourn"]
[EventRounds "11"]
[EventCountry "SRB"]
[SourceTitle "CBM 204 Extra"]
[Source "ChessBase"]
[SourceDate "2021.11.30"]
[SourceVersion "1"]
[SourceVersionDate "2021.11.30"]
[SourceQuality "1"]
[WhiteTeam "Mirijevo"]
[BlackTeam "Belgrade Turbina"]
[WhiteTeamCountry "SRB"]
[BlackTeamCountry "SRB"]

1. d4 c5 2. d5 Nf6 3. c4 b5 4. cxb5 a6 5. b6 Qxb6 6. Nc3 d6 7. a4 g6 8. a5 Qb7 9. e4 Bg7 10. f4 0-0 11. Nf3 Bg4 12. Be2 Bxf3 13. Bxf3 Nbd7 14. 0-0 Rfb8 15. Qe2 Ne8 16. e5 Nc7 17. e6 Bd4+ 18. Kh1 Nf6 19. exf7+ Kxf7 20. f5 Nb5 21. fxg6+ hxg6 22. Ne4 Kg7 23. Ng5 Rh8 24. Ne6+ Kf7 25. Ng5+ Kg7 26. Qe6 Raf8 27. Re1 Be5 28. Rxe5 dxe5 29. d6 e4 30. dxe7 exf3 31. exf8Q+ Rxf8 32. Nxf3 Qd5 33. Qxd5 Nxd5 34. Bd2 Nd4 35. Ra3 Rb8 36. Nxd4 cxd4 37. Rd3 Rxb2 38. Kg1 Kf6 39. Rxd4 Ke5 40. Bc1 Rxg2+ 41. Kxg2 Kxd4 42. Kf3 Nb4 43. Kg4 Nc6 44. Bb2+ Kd3 45. Kg5 Nxa5 46. Kxg6 Nc4 47. Ba1 Ke4 48. h4 Nd6 49. h5 Nf5 50. h6 Nxh6 1/2-1/2

[Event "SRB-ch sf"]
[Site "Paracin"]
[Date "2021.03.22"]
[Round "9"]
[White "Poleksic, Dusan"]
[Black "Mijatovic, Dusan"]
[Result "1-0"]
[WhiteElo "2075"]
[BlackElo "2246"]
[PlyCount "61"]
[EventDate "2021.03.16"]
[EventType "swiss"]
[EventRounds "9"]
[EventCountry "SRB"]
[SourceTitle "CBM 201 Extra"]
[Source "ChessBase"]
[SourceDate "2021.05.31"]
[SourceVersion "1"]
[SourceVersionDate "2021.05.31"]
[SourceQuality "1"]

1. d4 Nf6 2. c4 e6 3. Nc3 Bb4 4. f3 d5 5. a3 Bxc3+ 6. bxc3 c6 7. cxd5 cxd5 8. e3 Qc7 9. Bd2 Nc6 10. Bd3 e5 11. Ne2 0-0 12. Ng3 Re8 13. 0-0 Na5 14. e4 Nc6 15. Bg5 dxe4 16. Bxf6 exd3 17. Nh5 exd4 18. Qd2 Qa5 19. Nxg7 Re3 20. Rae1 Bd7 21. Qf2 Rxe1 22. Qxe1 dxc3 23. Qg3 Qb6+ 24. Kh1 Ne7 25. Nh5+ Bg4 26. Qxg4+ Ng6 27. Qg5 Kf8 28. Re1 Ne5 29. Qg7+ Ke8 30. Rxe5+ Kd7 31. Qxf7+ 1-0

[Event "SRB-ch sf"]
[Site "Paracin"]
[Date "2021.03.20"]
[Round "7"]
[White "Poleksic, Dusan"]
[Black "Kotrla, Sebastijan"]
[Result "0-1"]
[WhiteElo "2075"]
[BlackElo "2108"]
[PlyCount "124"]
[EventDate "2021.03.16"]
[EventType "swiss"]
[EventRounds "9"]
[EventCountry "SRB"]
[SourceTitle "CBM 201 Extra"]
[Source "ChessBase"]
[SourceDate "2021.05.31"]
[SourceVersion "1"]
[SourceVersionDate "2021.05.31"]
[SourceQuality "1"]

1. d4 d5 2. c4 e6 3. cxd5 exd5 4. Nc3 Nf6 5. Bg5 c6 6. Qc2 Be7 7. e3 0-0 8. Bd3 h6 9. Bf4 a5 10. h3 Na6 11. a3 c5 12. Nge2 Bd7 13. g4 cxd4 14. exd4 Rc8 15. Qd2 Re8 16. f3 Nh7 17. Kf1 Bh4 18. Bxh6 Qf6 19. Bf4 g5 20. Bxh7+ Kxh7 21. Qd3+ Kg8 22. Be5 Rxe5 23. dxe5 Qxe5 24. Qd4 Re8 25. Qxe5 Rxe5 26. Kg2 Nc5 27. Rad1 Bc6 28. Nd4 Ne6 29. Nxe6 fxe6 30. Rd2 Be1 31. Rd4 b5 32. Rd1 Bh4 33. Rhf1 b4 34. axb4 axb4 35. Nb1 Bb5 36. Rg1 Re2+ 37. Kh1 Rxb2 38. Rd2 Rb3 39. Kg2 Bd3 40. Rdd1 Rb2+ 41. Kh1 Be2 42. Rd2 Bxf3+ 43. Kh2 Rb3 44. Ra2 Re3 45. Rc1 Kg7 46. Rb2 Be1 47. Rcc2 Be4 48. Re2 Bg3+ 49. Kg1 Rxe2 50. Rxe2 Bxb1 51. Rb2 Be4 52. Rxb4 Kf6 53. Kf1 Ke5 54. Ke2 Bg2 55. Rb1 Ke4 56. Rg1 Bf3+ 57. Kd2 Bf4+ 58. Kc3 d4+ 59. Kc4 Be2+ 60. Kb3 d3 61. h4 gxh4 62. g5 Bxg5 0-1

[Event "SRB-ch sf"]
[Site "Paracin"]
[Date "2021.03.20"]
[Round "6"]
[White "Velickovic, Sasa"]
[Black "Poleksic, Dusan"]
[Result "1-0"]
[WhiteElo "2288"]
[BlackElo "2075"]
[PlyCount "109"]
[EventDate "2021.03.16"]
[EventType "swiss"]
[EventRounds "9"]
[EventCountry "SRB"]
[SourceTitle "CBM 201 Extra"]
[Source "ChessBase"]
[SourceDate "2021.05.31"]
[SourceVersion "1"]
[SourceVersionDate "2021.05.31"]
[SourceQuality "1"]

1. e4 c5 2. Nf3 d6 3. d4 cxd4 4. Nxd4 Nf6 5. Nc3 g6 6. g3 Bg7 7. Bg2 0-0 8. h3 Nc6 9. Be3 e6 10. 0-0 d5 11. exd5 Nxd5 12. Nxd5 exd5 13. Qd2 Be6 14. Rad1 Nxd4 15. Bxd4 Bxd4 16. Qxd4 Qa5 17. a3 Rac8 18. c3 Rc6 19. Rd2 Rb6 20. Re1 Rb3 21. Re5 Qb6 22. Bxd5 Bxd5 23. Qxb6 Rxb6 24. Rexd5 Kg7 25. Re2 f5 26. a4 Rf7 27. a5 Rb3 28. f4 Rc7 29. Kf2 a6 30. Kf3 b5 31. axb6 Rxb6 32. g4 fxg4+ 33. hxg4 Rcb7 34. b4 Rc7 35. Re3 Rbc6 36. Rdd3 Rc4 37. g5 Kf7 38. Kg4 Kg7 39. Rd6 Rxc3 40. Rxc3 Rxc3 41. Rxa6 Rb3 42. Ra7+ Kg8 43. Rb7 Kf8 44. f5 gxf5+ 45. Kxf5 Rf3+ 46. Ke6 Re3+ 47. Kd6 Rd3+ 48. Kc6 Rc3+ 49. Kb6 Rh3 50. Rc7 Rh5 51. Rc5 Ke7 52. Kc7 Ke8 53. b5 Rh1 54. b6 Rb1 55. b7 1-0

[Event "SRB-ch sf"]
[Site "Paracin"]
[Date "2021.03.17"]
[Round "3"]
[White "Poleksic, Dusan"]
[Black "Kandjolas, Konstantin"]
[Result "1-0"]
[WhiteElo "2075"]
[BlackElo "2041"]
[PlyCount "149"]
[EventDate "2021.03.16"]
[EventType "swiss"]
[EventRounds "9"]
[EventCountry "SRB"]
[SourceTitle "CBM 201 Extra"]
[Source "ChessBase"]
[SourceDate "2021.05.31"]
[SourceVersion "1"]
[SourceVersionDate "2021.05.31"]
[SourceQuality "1"]

1. d4 Nf6 2. c4 c6 3. Nf3 d5 4. cxd5 cxd5 5. Nc3 Nc6 6. Bf4 Bf5 7. e3 e6 8. Bb5 Nd7 9. Bxc6 bxc6 10. Ne5 Nxe5 11. Bxe5 f6 12. Bg3 Bb4 13. Rc1 0-0 14. 0-0 Bd6 15. Bxd6 Qxd6 16. Na4 e5 17. Nc5 Rab8 18. b3 Rfe8 19. Qd2 Bg6 20. Rc3 exd4 21. Qxd4 Qe5 22. Rd1 Re7 23. a3 Bh5 24. Rd2 Bg6 25. Rc1 Be8 26. b4 Qxd4 27. Rxd4 Kf7 28. Nb3 Rb6 29. Rd3 g5 30. Rc5 Bd7 31. Rdc3 Re6 32. Ra5 a6 33. Nc5 Re7 34. Rxa6 d4 35. Rd3 Rxa6 36. Nxa6 Bc8 37. Nb8 dxe3 38. Rxe3 Rc7 39. Rc3 Bb7 40. b5 Re7 41. f3 cxb5 42. Rc5 Re8 43. Nd7 Re7 44. Nb6 Re5 45. Rxe5 fxe5 46. Nd7 Ke7 47. Nxe5 Ke6 48. Nd3 Kd5 49. Kf2 Kc4 50. Ke3 Ba8 51. g3 Kb3 52. f4 gxf4+ 53. gxf4 Bd5 54. Kd4 Bg8 55. Kc5 Kxa3 56. Kxb5 Kb3 57. Kc5 Kc3 58. Ne5 Be6 59. Kd6 Bf5 60. Kd5 Kd2 61. Nf3+ Ke3 62. Ke5 Bg4 63. Ng5 h6 64. Nf7 h5 65. Nh6 Bd1 66. h4 Bc2 67. Nf5+ Kf2 68. Kf6 Kf3 69. Kg5 Bb1 70. Ng7 Ke4 71. Nxh5 Kd5 72. f5 Ke5 73. Ng7 Ba2 74. h5 Bg8 75. Kg6 1-0

[Event "SRB-ch sf"]
[Site "Paracin"]
[Date "2021.03.16"]
[Round "1"]
[White "Poleksic, Dusan"]
[Black "Drazic, Sinisa"]
[Result "0-1"]
[WhiteElo "2075"]
[BlackElo "2334"]
[PlyCount "67"]
[EventDate "2021.03.16"]
[EventType "swiss"]
[EventRounds "9"]
[EventCountry "SRB"]
[SourceTitle "CBM 201 Extra"]
[Source "ChessBase"]
[SourceDate "2021.05.31"]
[SourceVersion "1"]
[SourceVersionDate "2021.05.31"]
[SourceQuality "1"]

1. d4 g6 2. c4 Bg7 3. Nc3 c5 4. d5 Bxc3+ 5. bxc3 f5 6. e4 fxe4 7. h4 Nf6 8. h5 Rg8 9. Bg5 d6 10. hxg6 hxg6 11. Rh4 Nbd7 12. f3 Qa5 13. Qc2 Ne5 14. Bxf6 exf6 15. f4 g5 16. fxe5 gxh4 17. e6 b5 18. Be2 Ke7 19. Rc1 Qa3 20. Nf3 h3 21. gxh3 bxc4 22. Nh4 Rg1+ 23. Kd2 Qxc1+ 24. Qxc1 e3+ 25. Kc2 Rxc1+ 26. Kxc1 Bxe6 27. dxe6 Kxe6 28. Bxc4+ d5 29. Bd3 Rg8 30. Ng6 f5 31. Bxf5+ Kf6 32. Nh4 Rg1+ 33. Kc2 e2 34. Nf3 0-1

[Event "Belgrade Trophy 34th"]
[Site "Belgrade"]
[Date "2020.12.01"]
[Round "8"]
[White "Radosavljevic, Vukasin"]
[Black "Poleksic, Dusan"]
[Result "0-1"]
[WhiteElo "1921"]
[BlackElo "2032"]
[PlyCount "106"]
[EventDate "2020.11.24"]
[EventType "swiss"]
[EventRounds "9"]
[EventCountry "SRB"]
[SourceTitle "CBM 199 Extra"]
[Source "ChessBase"]
[SourceDate "2021.01.31"]
[SourceVersion "1"]
[SourceVersionDate "2021.01.31"]
[SourceQuality "1"]

1. e4 c5 2. Nf3 d6 3. d4 cxd4 4. Nxd4 Nf6 5. Nc3 g6 6. Nd5 Nxd5 7. Bb5+ Bd7 8. exd5 Bxb5 9. Nxb5 Qa5+ 10. Nc3 Bg7 11. 0-0 0-0 12. Re1 Re8 13. Bg5 Bf8 14. Qg4 Na6 15. a3 Qc7 16. Re3 Bg7 17. Rae1 h5 18. Qh3 Bxc3 19. bxc3 Qc5 20. Bxe7 Qxd5 21. Bf6 Nc7 22. Bd4 Rxe3 23. Qxe3 Ne6 24. Bf6 Qf5 25. Be7 Nf4 26. Qe4 Qxe4 27. Rxe4 Re8 28. Rxf4 Rxe7 29. Kf1 Rc7 30. Rf3 Rc4 31. Ke2 Ra4 32. c4 Rxc4 33. Kd2 Kf8 34. Re3 b5 35. Kc1 Rh4 36. h3 Rf4 37. f3 Rc4 38. Kb2 a5 39. c3 Rc5 40. f4 Rc4 41. Rf3 f5 42. h4 Re4 43. g3 Ke7 44. Rd3 Ke6 45. Kb3 d5 46. Kc2 Kd6 47. Kb3 Kc5 48. Rf3 a4+ 49. Kc2 Re2+ 50. Kd3 Ra2 51. Re3 Rxa3 52. Re8 b4 53. Rc8+ Kd6 0-1

[Event "Belgrade-chT Quality"]
[Site "Belgrade"]
[Date "2020.10.25"]
[Round "6.5"]
[White "Poleksic, Dusan"]
[Black "Dimitrijevic, Vuk"]
[Result "1-0"]
[WhiteElo "2032"]
[BlackElo "1925"]
[PlyCount "53"]
[EventDate "2020.10.09"]
[EventType "team-tourn"]
[EventRounds "9"]
[EventCountry "SRB"]
[SourceTitle "EXT 2022"]
[Source "ChessBase"]
[SourceDate "2021.10.06"]
[SourceVersion "1"]
[SourceVersionDate "2021.10.06"]
[SourceQuality "1"]
[WhiteTeam "Belgrade Turbina"]
[BlackTeam "Belgrade Borca"]
[WhiteTeamCountry "SRB"]
[BlackTeamCountry "SRB"]

1. d4 Nf6 2. c4 g6 3. Nc3 Bg7 4. e4 d6 5. Be2 0-0 6. g4 e5 7. d5 Ne8 8. h4 f5 9. Bg5 Nf6 10. h5 fxg4 11. hxg6 hxg6 12. Rh4 Qe8 13. Qd2 Qf7 14. 0-0-0 Na6 15. f3 Nh7 16. Be3 Qe7 17. Rh2 Nf6 18. Bg5 Qe8 19. Bxf6 Rxf6 20. fxg4 Nc5 21. Nh3 Na4 22. Ng5 Nxc3 23. Qxc3 Qe7 24. Qh3 Rf4 25. Qh7+ Kf8 26. Qxg6 Kg8 27. Rh8+ 1-0

[Event "SRB-ch sf"]
[Site "Novi Banovci"]
[Date "2020.03.01"]
[Round "9"]
[White "Micic, Aleksa"]
[Black "Poleksic, Dusan"]
[Result "1-0"]
[WhiteElo "1891"]
[BlackElo "1978"]
[PlyCount "91"]
[EventDate "2020.02.24"]
[EventType "swiss"]
[EventRounds "9"]
[EventCountry "SRB"]
[SourceTitle "EXT 2021"]
[Source "ChessBase"]
[SourceDate "2020.10.23"]
[SourceVersion "1"]
[SourceVersionDate "2020.10.23"]
[SourceQuality "1"]

1. e4 c5 2. Nf3 d6 3. d4 cxd4 4. Qxd4 Nc6 5. Qe3 Nf6 6. Be2 g6 7. 0-0 Bg7 8. h3 0-0 9. Rd1 Nd7 10. Nc3 Nc5 11. Nd5 f5 12. exf5 Bxf5 13. c3 e5 14. Bc4 Kh8 15. b4 e4 16. Ng5 Ne5 17. Be2 Ncd3 18. g4 Nc4 19. Qg3 Nxc1 20. Bxc4 Qxg5 21. gxf5 Qxg3+ 22. fxg3 Nd3 23. Bxd3 exd3 24. fxg6 hxg6 25. Rxd3 Be5 26. Rf1 Rxf1+ 27. Kxf1 Kg7 28. Nc7 Rh8 29. Kg2 Kf7 30. Nb5 Ke7 31. Nd4 Rc8 32. Ne2 Rc6 33. a4 Rc4 34. a5 Kd7 35. Kf3 Kc6 36. Ke3 Kb5 37. Kd2 Ka4 38. Nd4 Bxd4 39. Rxd4 Rxd4+ 40. cxd4 Kxb4 41. h4 Kc4 42. Ke3 b5 43. axb6 axb6 44. g4 b5 45. h5 gxh5 46. gxh5 1-0

[Event "SRB-ch sf"]
[Site "Novi Banovci"]
[Date "2020.02.29"]
[Round "8"]
[White "Poleksic, Dusan"]
[Black "Ivanovic, Marko"]
[Result "1-0"]
[WhiteElo "1978"]
[BlackElo "2247"]
[PlyCount "109"]
[EventDate "2020.02.24"]
[EventType "swiss"]
[EventRounds "9"]
[EventCountry "SRB"]
[SourceTitle "EXT 2021"]
[Source "ChessBase"]
[SourceDate "2020.10.23"]
[SourceVersion "1"]
[SourceVersionDate "2020.10.23"]
[SourceQuality "1"]

1. d4 Nf6 2. c4 g6 3. Nc3 Bg7 4. e4 d6 5. Be2 0-0 6. g4 c5 7. d5 e6 8. Kf1 exd5 9. exd5 Qe7 10. f3 Nbd7 11. Bf4 h5 12. h3 hxg4 13. hxg4 Nh7 14. Qd2 g5 15. Bd3 f5 16. Qh2 Be5 17. Bxg5 Nxg5 18. Qh4 Qg7 19. gxf5 Bf6 20. Nh3 Nxf3 21. Qh5 Nde5 22. Be4 Bg5 23. Ke2 Bxf5 24. Nxg5 Qxg5 25. Bxf3 Bd3+ 26. Kd1 Nxf3 27. Qxg5+ Nxg5 28. Rg1 Rf1+ 29. Kd2 Rxa1 30. Rxg5+ Kf7 31. Kxd3 Rg8 32. Rxg8 Kxg8 33. a3 Kf7 34. Nb5 Ke7 35. Nxa7 Kf6 36. Nb5 Ke5 37. Kc3 b6 38. Na7 Rh1 39. Nc8 Rh3+ 40. Kc2 b5 41. cxb5 Kxd5 42. a4 Rh8 43. Nb6+ Kd4 44. a5 c4 45. Nd7 Rh2+ 46. Kb1 Rh7 47. b6 Rh8 48. b7 Kd5 49. b8Q Rxb8 50. Nxb8 Kc5 51. Kc2 d5 52. a6 Kb6 53. Kc3 Ka7 54. Nc6+ Kxa6 55. Nb4+ 1-0